Исследование физико-механических свойств кальций-фосфатных покрытий; Современные техника и технологии; Т. 2
| Parent link: | Современные техника и технологии: сборник трудов XX международной научно-практической конференции студентов, аспирантов и молодых ученых, Томск, 14-18 апреля 2014 г./ Национальный исследовательский Томский политехнический университет (ТПУ).— , 2014 Т. 2.— 2014.— [С.39-40] |
|---|---|
| Hlavní autor: | |
| Korporativní autor: | |
| Další autoři: | , |
| Shrnutí: | Заглавие с титульного экрана |
| Jazyk: | ruština |
| Vydáno: |
2014
|
| Edice: | Материаловедение |
| Témata: | |
| On-line přístup: | http://earchive.tpu.ru/handle/11683/20746 http://www.lib.tpu.ru/fulltext/c/2014/C01/V2/018.pdf |
| Médium: | MixedMaterials Elektronický zdroj Kapitola |
| KOHA link: | https://koha.lib.tpu.ru/cgi-bin/koha/opac-detail.pl?biblionumber=606761 |
MARC
| LEADER | 00000naa2a2200000 4500 | ||
|---|---|---|---|
| 001 | 606761 | ||
| 005 | 20260305094655.0 | ||
| 035 | |a (RuTPU)RU\TPU\conf\4140 | ||
| 035 | |a RU\TPU\conf\4138 | ||
| 090 | |a 606761 | ||
| 100 | |a 20140617d2014 k y0rusy50 ca | ||
| 101 | 0 | |a rus | |
| 102 | |a RU | ||
| 135 | |a drcn ---uucaa | ||
| 181 | 0 | |a i | |
| 182 | 0 | |a b | |
| 200 | 1 | |a Исследование физико-механических свойств кальций-фосфатных покрытий |f Е. С. Иванова, А. А. Иванова |g науч. рук. Р. А. Сурменев | |
| 203 | |a Текст |c электронный | ||
| 225 | 1 | |a Материаловедение | |
| 300 | |a Заглавие с титульного экрана | ||
| 320 | |a [Библиогр.: с. 40 (5 назв.)] | ||
| 337 | |a Adobe Reader | ||
| 461 | 1 | |0 (RuTPU)RU\TPU\conf\3687 |t Современные техника и технологии |o сборник трудов XX международной научно-практической конференции студентов, аспирантов и молодых ученых, Томск, 14-18 апреля 2014 г. |o в 3 т. |f Национальный исследовательский Томский политехнический университет (ТПУ) |d 2014 | |
| 463 | 1 | |0 (RuTPU)RU\TPU\conf\3689 |t Т. 2 |v [С.39-40] |d 2014 | |
| 610 | 1 | |a труды учёных ТПУ | |
| 610 | 1 | |a электронный ресурс | |
| 610 | 1 | |a кальций-фосфатные покрытия | |
| 610 | 1 | |a физико-механические свойства | |
| 610 | 1 | |a биоматериалы | |
| 610 | 1 | |a гидроксиапатит | |
| 610 | 1 | |a титановые имплантаты | |
| 700 | 1 | |a Иванова |b Е. С. | |
| 701 | 1 | |a Иванова |b А. А. |c физик |c инженер-исследователь Томского политехнического университета |g Анна Александровна |3 (RuTPU)RU\TPU\pers\28588 | |
| 702 | 1 | |a Сурменев |b Р. А. |c физик |c старший научный сотрудник Томского политехнического университета, доцент, кандидат физико-математических наук |f 1982- |g Роман Анатольевич |4 727 | |
| 712 | 0 | 2 | |a Национальный исследовательский Томский политехнический университет (ТПУ) |b Физико-технический институт (ФТИ) |b Кафедра теоретической и экспериментальной физики (ТиЭФ) |3 (RuTPU)RU\TPU\col\18726 |
| 801 | 2 | |a RU |b 63413507 |c 20210310 |g RCR | |
| 856 | 4 | |u http://earchive.tpu.ru/handle/11683/20746 | |
| 856 | 4 | |u http://www.lib.tpu.ru/fulltext/c/2014/C01/V2/018.pdf | |
| 942 | |c CF | ||